000 01570nam a2200277 a 4500
001 000015578
005 20200929164100.0
008 100215s1995 dr a 001 0 spa d
040 _aDO-SdBNP
_bspa
_cBNPHU
082 _a303.387
_bC397i
110 2 _aCentro de Estudios Sociales Padre Juan Montalvo, S.J:
_935153
245 1 0 _aInforme de investigación acerca del prejuicio antihaitiano en la ciudad de Santiago, de la República Dominicana :
_bun aporte a la comprensión y al acercamiento de dos pueblos.
246 1 4 _aEl otro del nosotros
260 _aSanto Domingo :
_bONÈ-RESPE,
_bCentro de Estudios Sociales Padre Juan Montalvo, S.J.,
_c1995.
300 _a137 p. :
_bil. ;
_c21 cm.
504 _aBibliografía : p. 127-137.
505 0 _gIntroducción --
_tNotas acerca del prejuicio antihaitiano --
_tDominicanos, extranjeros y haitianos --
_tOrígenes e historia de estos pueblos --
_tValoraciones respecto a las condiciones de vida y a la participación de los haitianos en República Dominicana --
_tPercepción de lo haitiano --
_gA modo de conclusión --
_gReferencias.
590 _aInventariado, 2018/BT
650 4 _aHaitianos en la república dominicana
_935154
650 4 _aPrejuicios y antipatías
_xAspectos sociales
_zRepública Dominicana
_935155
650 4 _aAsimilación cultural
_916128
651 4 _aRepública Dominicana
_xRelaciones Raciales
_9432
651 4 _aRepública Dominicana
_xPoblación Extranjera
_935156
710 2 _aCentro de Reflexión Encuentro y Solidaridad ONÈ-RESPE
_935157
910 _aValidado. Control de calidad. EMS
999 _c15133
_d15133